000 003360000a22001450004500
003 MACL
040 _aMACL
090 _c42533
_d42531
100 _aAhmad, Dr Nasim
245 _aDictionary of Library & Information Management
260 _bM K Publishers
_c2009
350 _a495
650 _aLibrary Science
942 _cBOOK
_k020/AHM
999 _c42084
_d42084